00842nam a2200205 i 450000100060000000300090000600500170001500700030003200800410003510000580007624501580013426000620029230000360035450000160039070000480040670000230045485200220047799900170049995201200051659667ES-MaACL20250822063125.0t|031030s1922 sp ||||1| spa d1 aEnríquez de Salamanca, Fernando, d1890-196694728610aManual de enfermedades del riñón / cpor F. Enriquez de Salamanca, C. Jiménez Díaz ; con un capítulo de técnica citoscópica por F. Miraved. aMadrid : bRuiz Hermanos, c1922 (fNieto y compañía) aVIII, 296 p. : bil. ; c24 cm. aEs el T. I.1 aJiménez Díaz, Carlos,d1898-19679665151 aMiraved, F.981570 aES-MaACLjB-13578 c59667d59667 00104070aATENEOMbATENEOMcSPBd2008-01-17eSCl0oB-13578p1062583r2023-02-23 00:00:00w2023-02-23yMONOGRAFIA